000 00324nam a22001457a 4500
003 SGT
020 _a9788189619428
082 _a340,SAR
100 _aSARKARS
245 _aFRSR TRAVELLING ALLOWANCE
260 _aALLHABAD
_bDWIVEDI LAW AGENCY
_c2010
300 _a288
650 _aTRAVELLING ALLOWANCE
942 _2ddc
_cBK
999 _c10385
_d10385